Paesi che contengono una lettera - H - Statistics

Statistiche generali
  • Questo quiz è stato fatto 423 volte
  • Il punteggio medio è 13 su 17
Statistiche sulle risposte
Categoria Paese % Corretto
1 x H Honduras
95%
1 x H Haiti
92%
1 x H Afghanistan
83%
1 x H Bhutan
81%
1 x H Ghana
78%
1 x H Thailandia
73%
1 x H Bahrain
72%
1 x H Isole Marshall
72%
1 x H Slovacchia
72%
1 x H Ungheria
72%
1 x H Kirghizistan
71%
1 x H Turchia
70%
1 x H Bahamas
69%
1 x H Lesotho
68%
1 x H Liechtenstein
67%
1 x H Seychelles
65%
1 x H Bangladesh
64%
Nessun quiz corrispondente trovato
Distribuzione punteggi
Percentuale di utenti per punteggio
Percentile per numero di risposta
I tuoi punteggi nel tempo
Non hai fatto questo quiz